The Mathematics of Money: Math for Business and Personal Finance Decisions (Record no. 4677)

MARC details
005 - DATE AND TIME OF LATEST TRANSACTION
control field 20250623142236.0
020 ## - INTERNATIONAL STANDARD BOOK NUMBER
International Standard Book Number 978-0-07-352482-5
082 ## - DEWEY DECIMAL CLASSIFICATION NUMBER
Classification number 332.02 BIE
100 ## - MAIN ENTRY--PERSONAL NAME
Author name BIEHLER, J. T.
245 ## - TITLE STATEMENT
Title The Mathematics of Money: Math for Business and Personal Finance Decisions
250 ## - EDITION STATEMENT
Edition statement 7th Ed.
260 ## - PUBLICATION, DISTRIBUTION, ETC.
Place of publication, distribution, etc. Boston
Name of publisher, distributor, etc. McGraw-Hill Irwin,
Date of publication, distribution, etc. 2008.
300 ## - PHYSICAL DESCRIPTION
Extent xviii, 668p.: pictures, tables
Other physical details Index
Dimensions 27cm
942 ## - ADDED ENTRY ELEMENTS (KOHA)
Source of classification or shelving scheme Dewey Decimal Classification
Koha item type Books
Holdings
Date last seen Total checkouts Full call number Barcode Cost, replacement price Price effective from Koha item type Lost status Source of classification or shelving scheme Damaged status Not for loan Withdrawn status Home library Current library Shelving location Date acquired Source of acquisition Cost, normal purchase price
06/23/2025   332.02 BIE MZA0001716 90000.00 06/23/2025 Books   Dewey Decimal Classification       CBE Mwanza CBE Mwanza General Collection 07/16/2007 Library Budget 30000.00
06/23/2025   332.02 BIE MZA0001717 90000.00 06/23/2025 Books   Dewey Decimal Classification       CBE Mwanza CBE Mwanza General Collection 07/16/2007 Library Budget 30000.00
06/23/2025   332.02 BIE MZA0001718 90000.00 06/23/2025 Books   Dewey Decimal Classification       CBE Mwanza CBE Mwanza General Collection 07/16/2007 Library Budget 30000.00